| 000 | 00740nam a22002417a 4500 | ||
|---|---|---|---|
| 999 |
_c106207 _d106207 |
||
| 005 | 20200528133758.0 | ||
| 010 | _aB-429381 | ||
| 020 |
_c250.00 _a9789380182124 |
||
| 035 | _aB-429381 | ||
| 037 | _bCen Lib/Ret | ||
| 082 | _aن | ||
| 100 | _aنقویا، فاطمہ | ||
| 245 |
_aنشیب و فراز / _cنقویا فاطمہ |
||
| 246 |
_aNasheb-o-Faraz / _bby Fatima Naqviya |
||
| 260 |
_aدہلی _bتخلیقکار پبلیشیرس _c2010 ء |
||
| 270 |
_bدہلی _a104/B- یاور منزل ١ بلاک لکشمی نگر _e110092 |
||
| 300 |
_a304p. _c21cm(Hb) |
||
| 650 | _aاردو ادب | ||
| 650 | _aاردو ناول | ||
| 650 | _aUrdu litarture | ||
| 650 | _aUrdu novel | ||
| 942 |
_2ddc _cUR _hن _mن ق و |
||